
Library Catalogue

| 000 -LEADER | |
|---|---|
| fixed length control field | 01773nam a2200217Ia 4500 |
| 003 - CONTROL NUMBER IDENTIFIER | |
| control field | OSt |
| 005 - DATE AND TIME OF LATEST TRANSACTION | |
| control field | 20201010110355.0 |
| 008 - FIXED-LENGTH DATA ELEMENTS--GENERAL INFORMATION | |
| fixed length control field | 160316s2016 xxu||||| |||| 00| 0 eng d |
| 020 ## - INTERNATIONAL STANDARD BOOK NUMBER | |
| International Standard Book Number | 9780691172132 |
| 040 ## - CATALOGING SOURCE | |
| Transcribing agency | nls |
| 082 ## - DEWEY DECIMAL CLASSIFICATION NUMBER | |
| Classification number | 332.400000 |
| Item number | ROG |
| 100 ## - MAIN ENTRY--PERSONAL NAME | |
| Personal name | Rogoff Kenneth S |
| 245 ## - TITLE STATEMENT | |
| Title | The curse of cash |
| 260 ## - PUBLICATION, DISTRIBUTION, ETC. | |
| Place of publication, distribution, etc. | Princeton |
| Name of publisher, distributor, etc. | Princeton University Press |
| Date of publication, distribution, etc. | 2016 |
| 300 ## - PHYSICAL DESCRIPTION | |
| Extent | 283p |
| Dimensions | ix |
| 365 ## - TRADE PRICE | |
| Price amount | Rs. 2,108 |
| 505 ## - FORMATTED CONTENTS NOTE | |
| Formatted contents note | Table of contents<br/>Preface ix Chapter 1: Introduction and Overview 1 PART I: The Dark Side of Paper Currency: Tax and Regulatory Evasion, Crime, and Security Issues Chapter 2: The Early Development of Coins and Paper Currency 15 Chapter 3: Size and Composition of Global Currency Supplies, and the Share Held Abroad 31 Chapter 4: Holdings of Currency in the Domestic, Legal, Tax-Paying Economy 48 Chapter 5: Currency Demand in the Underground Economy 58 Chapter 6: Seigniorage 80 Chapter 7: A Plan for Phasing Out Most Paper Currency 92 PART II: Negative Interest Rates Chapter 8: The Cost of the Zero Bound Constraint 119 Chapter 9: Higher Inflation Targets, Nominal GDP, Escape Clauses, and Fiscal Policy 147 Chapter 10: Other Paths to Negative Interest Rates 158 Chapter 11: Other Possible Downsides to Negative Nominal Policy Rates 175 Chapter 12: Negative Interest Rates as a Violation of Trust and a Step Away from Rule-Based Systems 182 PART III: International Dimensions and Digital Currencies Chapter 13: International Dimensions to Phasing Out Paper Currency 199 Chapter 14: Digital Currencies and Gold 208 Final Thoughts 217 Acknowledgments 221 Appendix 225 Notes 233 References 257 Index 273 |
| 650 ## - SUBJECT ADDED ENTRY--TOPICAL TERM | |
| Topical term or geographic name entry element | 1. Monetary Policy - Paper Money2. Currency Question - Money3. Interest Rates |
| 700 ## - ADDED ENTRY--PERSONAL NAME | |
| Personal name | |
| -- | |
| 942 ## - ADDED ENTRY ELEMENTS (KOHA) | |
| Source of classification or shelving scheme | Dewey Decimal Classification |
| Koha item type | BOOKs |
| Withdrawn status | Lost status | Damaged status | Not for loan | Home library | Current library | Shelving location | Date acquired | Cost, normal purchase price | Total Checkouts | Full call number | Barcode | Date last seen | Date last checked out | Price effective from | Koha item type |
|---|---|---|---|---|---|---|---|---|---|---|---|---|---|---|---|
| . | . | General Stacks | 30.05.2017 | 2108.00 | 1 | 332.4 ROG | 34910 | 21.03.2024 | 14.03.2024 | 30.05.2017 | BOOKs |